Decamerón

Uloženo v:
Podrobná bibliografie
Hlavní autor: Boccaccio, Giovanni (Autor)
Médium: Kniha
Jazyk:španělština
Vydáno: Madrid Espasa Calpe 2001
Edice:Colección Austral Narrativa, 511
Témata:
Tagy: Přidat tag
Žádné tagy, Buďte první, kdo vytvoří štítek k tomuto záznamu!

MARC

LEADER 00000nam a2200000 a 4500
001 UCL6907
003 CL-VaPUC
008 040423e20010000SP |||||||||||||||||spa|d
020 |a 8423917010 
082 0 4 |a 853  |b BOC  |2 21 
100 0 |a Boccaccio, Giovanni  |e author  |9 397 
245 1 0 |a Decamerón 
300 |a 339 p 
942 |c BK 
945 |d 20040423 00:00:00  |a cmena 
260 |a Madrid  |b Espasa Calpe  |c 2001 
650 0 |a Literatura italiana  |9 266970 
650 0 |a Novela italiana  |9 265740 
583 |a last modification  |c 20040423 00:00:00  |k Rodrigo Vera 
490 0 |a Colección Austral Narrativa, 511 
999 |c 308790  |d 308788 
952 |0 0  |1 0  |4 0  |6 853_000000000000000_BOC_2001  |7 0  |8 A  |9 375614  |a BIBEDU  |b BIBEDU  |d 2019-11-21  |i 4000943  |o 853 BOC 2001  |p 4000943  |r 2019-11-21  |w 2019-11-21  |y BK  |k LIT